Power Rangers/Extra Heroes - Statistics

General Stats
  • This quiz has been taken 827 times
    823 since last reset
  • The average score is 98 of 172
Answer Stats
Seasons Rangers/Heroes % Correct
Mighty Morphin Season 2 Green Ranger (2) Tom Oliver
94%
Mighty Morphin Season 1 Red Ranger | Mighty Morphin Season 2 Red Ranger (1) | Power Rangers Zeo Gold Ranger (2) Jason Lee Scott
92%
Power Rangers S.P.D Yellow Ranger Z Delgado
92%
Mighty Morphin Season 1 Blue Ranger | Mighty Morphin Season 2 Blue Ranger | Mighty Morphin Season 3 Blue Ranger Billy Cranston
90%
Mighty Morphin Season 1 Green Ranger | Mighty Morphin Season 2 Green/White Ranger | Mighty Morphin Season 3 White Ranger | +3 others Tommy Oliver
90%
Mighty Morphin Season 1 Pink Ranger | Mighty Morphin Season 2 Pink Ranger | Mighty Morphin Season 3 Pink Ranger (1) Kimberly Ann Hart
86%
Mighty Morphin Season 1 Yellow Ranger | Mighty Morphin Season 2 Yellow Ranger (1) Trini Kwan
85%
Mighty Morphin Season 1 Black Ranger | Mighty Morphin Season 2 Black Ranger (1) Zack Taylor
85%
Mighty Morphin Season 3 Pink Ranger (2) | Power Rangers Turbo Pink Ranger (1) | Power Rangers Zeo Pink Ranger Katherine Hillard
84%
Power Rangers S.P.D Kat Ranger Kat Manx
84%
Mighty Morphin Season 2 Black Ranger (2) | Mighty Morphin Season 3 Black Ranger | Power Rangers Turbo Green Ranger (1) | Power Rangers Zeo Green Ranger Adam Park
82%
Mighty Morphin Season 2 Red Ranger (2) | Mighty Morphin Season 3 Red Ranger | Power Rangers Zeo Blue Ranger Rocky DeSantos
82%
Power Rangers Samurai Green Ranger | Power Rangers Super Samurai Green Ranger Mike
77%
Power Rangers Lost Galaxy Magna Defender (2) Mike Corbett
77%
Power Rangers Turbo Red Ranger (2) T.J Johnson
76%
Power Rangers in Space Blue Ranger T.J. Johnson
76%
Mighty Morphin Season 2 Yellow Ranger (2) | Mighty Morphin Season 3 Yellow Ranger Aisha Campbell
73%
Power Rangers in Space Red Ranger Andros
70%
Power Rangers Turbo Green Ranger (2) | Power Rangers in Space Black Ranger Carlos Vallerte
69%
Power Rangers Turbo Blue Ranger Justin Stewart
69%
Power Rangers Lost Galaxy Red Ranger Leo Corbett
69%
Power Rangers Time Force Red Ranger (2) Wes Collins
69%
Power Rangers S.P.D Red Ranger (1) Jack Landors
67%
Power Rangers S.P.D Red Ranger (2) Schulyer Tate (Sky)
67%
Power Rangers S.P.D Blue Ranger (1) Schuyler Tate (Sky)
67%
Power Rangers Turbo Yellow Ranger (1) | Power Rangers Zeo Yellow Ranger Tanya Sloan
67%
Power Rangers Ninja Storm Green Samurai Ranger Cameron Wantanabe
66%
Power Rangers Wild Force Red Ranger Cole Evans
66%
Power Rangers Time Force Pink Ranger Jen Scotts
64%
Power Rangers Ninja Storm Blue Ranger Tori Hanson
64%
Power Rangers Dino Thunder White Ranger Trent Fernandez-Mercer
64%
Power Rangers Turbo Yellow Ranger (2) | Power Rangers in Space Yellow Ranger Ashley Hammond
63%
Power Rangers S.P.D Blue Ranger (2) | Power Rangers S.P.D Green Ranger | Power Rangers S.P.D Red Ranger (3) Bridge Carson
63%
Power Rangers Turbo Pink Ranger (2) | Power Rangers in Space Pink Ranger Cassie Chan
63%
Power Rangers Ninja Storm Yellow Ranger Dustin Brooks
63%
Power Rangers Lost Galaxy Pink Ranger (1) Kendrix Morgan
63%
Power Rangers Dino Thunder Yellow Ranger Kira Ford
63%
Power Rangers Ninja Storm Red Ranger Shane Clark
63%
Power Rangers Ninja Storm Navy Thunder Ranger Blake Bradley
62%
Power Rangers Dino Thunder Red Ranger Conner McKnnight
62%
Power Rangers Time Force Quantum Ranger Eric Myers
62%
Power Rangers Ninja Storm Crimson Thunder Ranger Hunter Bradley
62%
Power Rangers in Space Silver Ranger Zhane
62%
Power Rangers Lightspeed Rescue Red Ranger Carter Grayson
61%
Power Rangers Wild Force Black Ranger Danny Delgado
61%
Power Rangers Dino Thunder Blue Ranger Ethan James
61%
Power Rangers Time Force Red Ranger (1) Alex
60%
Power Rangers S.P.D Omega Ranger Sam
60%
Power Rangers Time Force Green Ranger Trip
60%
Power Rangers Lost Galaxy Pink Ranger (2) Karone
59%
Power Rangers Wild Force Blue Ranger Max Cooper
59%
Power Rangers S.P.D Pink Ranger Syd Drew
59%
Power Rangers Wild Force Lunar Wolf Ranger Merrick Balliton
58%
Power Rangers Wild Force Yellow Ranger Taylor Earhardt
58%
Power Rangers Lost Galaxy Green Ranger Damon Henderson
57%
Power Rangers Lost Galaxy Blue Ranger Kai Chen
57%
Power Rangers Lost Galaxy Yellow Ranger Maya
57%
Power Rangers Lightspeed Rescue Titanium Ranger Ryan Mitchell
57%
Power Rangers Lightspeed Rescue Pink Ranger Dana Mitchell
56%
Power Rangers Samurai Red Ranger | Power Rangers Super Samurai Red Ranger (1) Jayden Shiba
55%
Power Rangers Mystic Force Red Ranger Nick Russel
55%
Power Rangers Zeo Gold Ranger (1) Trey of Triforia
55%
Power Rangers Zeo Auric The Conqueror Auric the Conqueror
54%
Power Rangers Mystic Force Yellow Ranger Charlie Thorn (Chip)
54%
Power Rangers Lightspeed Rescue Green Ranger Joel Rawlings
54%
Power Rangers Time Force Blue Ranger Lucas Kendall
54%
Power Rangers Samurai Pink Ranger | Power Rangers Super Samurai Pink Ranger Mia Wantanabe
53%
Power Rangers Jungle Fury Purple Wolf Ranger R.J
53%
Power Rangers Mystic Force Green Ranger Xander Bly
53%
Power Rangers Lightspeed Rescue Blue Ranger Chad Lee
52%
Power Rangers Time Force Yellow Ranger Katie Walker
52%
Mighty Morphin Season 3 Ninjor Ninjor
52%
Power Rangers Wild Force White Ranger Alyssa Enrile
51%
Power Rangers Jungle Fury Red Ranger Casey Rhodes
51%
Power Rangers RPM Gold Ranger Gem
50%
Power Rangers Jungle Fury Yellow Ranger Lily Chilman
50%
Power Rangers Megaforce Red Ranger | Power Rangers Super Megaforce Red Ranger Troy Burrows
50%
Power Rangers Mystic Force Pink Ranger Vida Rocca
50%
Power Rangers Samurai Gold Ranger | Power Rangers Super Samurai Gold Ranger Antonio Garcia
49%
Power Rangers Megaforce Yellow Ranger | Power Rangers Super Megaforce Yellow Ranger Gia Moran
49%
Power Rangers Samurai Blue Ranger | Power Rangers Super Samurai Blue Ranger Kevin
49%
Power Rangers Mystic Force Blue Ranger Madison Rocca
49%
Power Rangers Jungle Fury Blue Ranger Theo Martin
49%
Mighty Morphin Alien Rangers White Ranger Delphine
48%
Power Rangers RPM Silver Ranger Gemma
48%
Power Rangers Lightspeed Rescue Yellow Ranger Kelsey Winslow
48%
Power Rangers Turbo Phantom Ranger Phantom Ranger
48%
Power Rangers RPM Green Ranger Ziggy Grover
48%
Power Rangers S.P.D Orange Ranger (Dream Only) Boom
47%
Power Rangers Samurai Yellow Ranger | Power Rangers Super Samurai Yellow Ranger Emily
47%
Power Rangers Megaforce Black Ranger | Power Rangers Super Megaforce Green Ranger Jake Holling
47%
Power Rangers Operation Overdrive Red Ranger Mack Hartford
47%
Power Rangers S.P.D Nova Ranger Nova
47%
Power Rangers Jungle Fury Rhino Ranger Dominic Hargan
46%
Power Rangers RPM Red Ranger Scott Truman
46%
Power Rangers Turbo Blue Senturion Blue Senturion
45%
Power Rangers RPM Black Ranger Dillon
45%
Power Rangers Megaforce Pink Ranger | Power Rangers Super Megaforce Pink Ranger Emma Goodwall
45%
Power Rangers Super Samurai Red Ranger (2) Lauren Shiba
45%
Power Rangers Mystic Force White Ranger Udonna
45%
Power Rangers RPM Yellow Ranger Summer Landsdown
44%
Power Rangers Lost Galaxy Magna Defender (1) Magna Defender
43%
Power Rangers Megaforce Blue Ranger | Power Rangers Super Megaforce Blue Ranger Noah Carver
43%
Power Rangers Operation Overdrive Pink Ranger Rose Ortiz
43%
Power Rangers Operation Overdrive Black Ranger Will Aston
42%
Power Rangers Operation Overdrive Blue Ranger Dax Lo
41%
Power Rangers Super Megaforce SIlver Ranger Orion
41%
Power Rangers S.P.D Shadow Ranger Anubis Cruger
40%
Mighty Morphin Alien Rangers Red Ranger Aurico
40%
Mighty Morphin Alien Rangers Blue Ranger Cestro
39%
Power Rangers Mystic Force Solaris Knight Daggeron
39%
Power Rangers RPM Blue Ranger Flynn McAllistair
39%
Power Rangers Megaforce Robo Knight Robo Knight
39%
Power Rangers Mystic Force Wolf Knight Leanbow
38%
Mighty Morphin Alien Rangers Black Ranger Corcus
36%
Power Rangers Operation Overdrive Yellow Ranger Ronny Robinson
36%
Power Rangers Operation Overdrive Merceury Ranger Tyzonn
35%
Mighty Morphin Alien Rangers Yellow Ranger Tideus
34%
Power Rangers S.P.D A-Squad Red Ranger Charlie
33%
Power Rangers Jungle Fury Shark Ranger Master Finn
25%
Power Rangers Jungle Fury Elephant Ranger Master Phant
25%
Power Rangers Jungle Fury Bat Ranger Master Swoop
24%
Power Rangers Jungle Fury Chameleon Warrior Camille
21%
Power Rangers Jungle Fury Lion Warrior Jarrod
19%
Power Rangers Mystic Force The Gate Keeper (2) Clare
15%
Power Rangers Operation Overdrive Higher Power Sentinel Knight
14%
Power Rangers S.P.D A-Squad Blue Ranger A Squad Blue
11%
Power Rangers S.P.D A-Squad Green Ranger A Squad Green
11%
Power Rangers S.P.D A-Squad Pink Ranger A Squad Pink
11%
Power Rangers S.P.D A-Squad Yellow Ranger A Squad Yellow
11%
Power Rangers S.P.D Red Ranger (Sky`s father) Officer Tate
11%
Power Rangers Samurai Grand Shogun Grand Shogun
10%
Power Rangers Super Samurai Red Ranger (Jayden's Father) Mr. Shiba
8%
Power Rangers Mystic Force Gate Keeper (1) Neilla
2%
No matching quizzes found
Score Distribution
Percent of People with Each Score
Percentile by Number Answered
Your Score History
You have not taken this quiz since the last reset